000 00753nam a2200205Ii 4500
003 JO-AjNU
008 230605s9999||||xx |||||||||||||| ||und||
040 _aJO-AjNU
_bara
_erda
_cJO-AjNU
041 _aara
050 1 4 _aDS7.55.L49 1985
100 3 _aتاليف طلاس، مصطفى,
_eauthor
_918545
245 0 0 _aالتقرير الكامل للجنة كاهان الصهيونية حول مذبحة صبر وشاتيلا
250 _aط1
264 3 1 _aدمشق: طلاس للدراسات والترجمة والنشر، 1985
300 _a417ص
336 _atext
_btxt
_2rdacontent
337 _aunmediated
_bn
_2rdamedia
338 _avolume
_bnc
_2rdacarrier
650 4 _aصبرا وشاتيلا-تاريخ - جرائم صهيونية
_918546
999 _aA5951
_c9519
_d9519